=LDR 00000nam 2200000 4500 =001 INLIS000000000013131 =005 20171104104508 =035 ##$$a 0010-061300000013131 =008 171104###########################0#ind## =041 ##$$a Ind =082 ##$$a 369.43 =090 ##$$a 369.43, Rid p =100 ##$$a Ridwan =245 1#$$a Pedoman latihan pramuka siaga dan penggalang, /$c Ridwan =260 ##$$a Mataram :$b Dinas P&K kota Mataram,$c 1997 =300 ##$$a 144 hlm, : $b ilus, ; $c 20 cm =650 ##$$a Pramuka =850 ##$$a NBPNMAT =084 ##$$a 369.43 RID p =990 ##$$a 0001/BPAP-NTB/2016 =990 ##$$a 1296712967 =990 ##$$a 20405581 =990 ##$$a 0001/BPAP-NTB/2016